000 00161nam a22000857a 4500
082 _a823
100 _aRONNE RANDALL
245 _aLITTLE RED RIDING HOOD
942 _cBK
999 _c8320
_d8320